<?xml version="1.0" encoding="UTF-8"?>
<collection xmlns="http://www.loc.gov/MARC21/slim">
 <record>
  <leader>03188naa a2200241 i 4500</leader>
  <controlfield tag="001">acta72028</controlfield>
  <controlfield tag="005">20230320152649.0</controlfield>
  <controlfield tag="008">210216s2020    hu      o     1||   hun d</controlfield>
  <datafield tag="024" ind1="7" ind2=" ">
   <subfield code="a">10.14232/casep21c.5</subfield>
   <subfield code="2">doi</subfield>
  </datafield>
  <datafield tag="040" ind1=" " ind2=" ">
   <subfield code="a">SZTE Egyetemi Kiadványok Repozitórium</subfield>
   <subfield code="b">hun</subfield>
  </datafield>
  <datafield tag="041" ind1=" " ind2=" ">
   <subfield code="a">hun</subfield>
  </datafield>
  <datafield tag="100" ind1="1" ind2=" ">
   <subfield code="a">Lados Mihály</subfield>
  </datafield>
  <datafield tag="245" ind1="1" ind2="0">
   <subfield code="a">Facing urban challenges </subfield>
   <subfield code="h">[elektronikus dokumentum] :</subfield>
   <subfield code="b">Tungsram smart city action plan /</subfield>
   <subfield code="c"> Lados Mihály</subfield>
  </datafield>
  <datafield tag="260" ind1=" " ind2=" ">
   <subfield code="c">2020</subfield>
  </datafield>
  <datafield tag="300" ind1=" " ind2=" ">
   <subfield code="a">63-83</subfield>
  </datafield>
  <datafield tag="490" ind1="0" ind2=" ">
   <subfield code="a">The Challenges of Analyzing Social and Economic Processes in the 21st Century</subfield>
  </datafield>
  <datafield tag="520" ind1="3" ind2=" ">
   <subfield code="a">Closed to three-quarters of Europeans live in cities today, and by the growth of the population worldwide, this ratio is ever increasing. The accelerated speed of urbanization poses unprecedented challenges on people, cities, and the environment. Sustainability became a key global objective since Rio via Tokyo until Paris Agreement. The United Nations prepared an agenda for a better and more sustainable future for all. The 17 Goals are related to global challenges such as climate change, poverty, and the effects of urbanization. Over the last decade, various Smart City approaches have emerged among the government, non-profit sectors, and industries to use Information and Communication Technology as a tool to manage these challenges and to improve the quality of life for their citizens. At the same time, Industry 4.0, the digitalization of industries, has diffused across the world, setting the scene for a new stage of innovation yet keeping the competitiveness of business players. Tungsram, a multinational corporation headquartered in Hungary, has refocused its mission and stood up to expand its product portfolio by including Smart City solutions. Tungsram Edge focuses on three major Smart City offerings: indoor farming, efficient buildings, and Smart Solutions. Indoor farming (AgriTech), a science-based approach to agriculture, uses the latest research to establish precision indoor farming facilities. Efficient buildings (PropTech) has come to life to support the universal goal of reducing cities’ ecological footprint. Each smart solution has a direct or indirect effect on several objectives of the Sustainable Development Goals of the United Nations. The first part of the paper identifies the key contemporary challenges of cities and industries and the evolution and links of Smart City and Industry 4.0 approaches. The second part of the paper is a case study of a multinational company headquartered in Hungary entering into these processes by building a Smart City Action Plan and by developing key smart products (Smart City portfolio) to react to and to provide solutions for urban challenges.</subfield>
  </datafield>
  <datafield tag="650" ind1=" " ind2="4">
   <subfield code="a">Társadalomtudományok</subfield>
  </datafield>
  <datafield tag="650" ind1=" " ind2="4">
   <subfield code="a">Társadalom- és gazdaságföldrajz</subfield>
  </datafield>
  <datafield tag="695" ind1=" " ind2=" ">
   <subfield code="a">Elektronikai ipar, Várostervezés, Fenntartható fejlődés - tervezés, Információs társadalom</subfield>
  </datafield>
  <datafield tag="700" ind1="0" ind2="1">
   <subfield code="a">Pongrácz Ferenc</subfield>
   <subfield code="e">aut</subfield>
  </datafield>
  <datafield tag="711" ind1=" " ind2=" ">
   <subfield code="a">Társadalmi és gazdasági folyamatok elemzésének kérdései a XXI. században</subfield>
   <subfield code="c">Szeged</subfield>
   <subfield code="d">2019</subfield>
  </datafield>
  <datafield tag="856" ind1="4" ind2="0">
   <subfield code="u">http://acta.bibl.u-szeged.hu/72028/1/the_challenges_of_analyzing_social_and_economic_processes_063-083.pdf</subfield>
   <subfield code="z">Dokumentum-elérés </subfield>
  </datafield>
 </record>
</collection>
